000 00809nam a2200205 4500
001 123508
003 ES-MaACL
005 20251011063130.0
007 t|
008 070214s1977 sp r ||||1| spa d
100 1 _aQuilis, Antonio,
_d1933-2003
_994630
245 1 0 _aLengua española I /
_cAntonio Quilis ; las unidades didácticas 5ª y 6ª están preparadas por Federico Goded Echevarría.
260 _aMadrid :
_bGrefol,
_c1977.
300 _a6 t. en 1 v. :
_bil. ;
_c30 cm.
500 _aPrecede al Tit : Universidad Nacional de Educación a Distancia, Ministerio de Educación y Ciencia.
700 1 _aGoded Echevarría, Federico.
_957511
710 2 _aUniversidad Nacional de Educación a Distancia (España)
_97405
852 _aES-MaACL
_jL-2639
_bR.103642
999 _c123508
_d123508